Jahanam Mein Aurton Ki Kasarat Kou? / (Record no. 525303)

000 -LEADER
fixed length control field 00502nam a22001697a 4500
003 - CONTROL NUMBER IDENTIFIER
control field NUST
038 ## - RECORD CONTENT LICENSOR
Staff Name waseem
082 ## - DEWEY DECIMAL CLASSIFICATION NUMBER
Classification number 297.34
Author Mark ZAM
100 ## - MAIN ENTRY--PERSONAL NAME
Personal name Zaman, Saleem Ullah
9 (RLIN) 16038
245 ## - TITLE STATEMENT
Title Jahanam Mein Aurton Ki Kasarat Kou? /
Statement of responsibility, etc. Saleem Ullah Zaman
260 ## - PUBLICATION, DISTRIBUTION, ETC.
Place of publication, distribution, etc. Lahore :
Name of publisher, distributor, etc. Dar-e-Andalas,
Date of publication, distribution, etc. [S.l].
300 ## - PHYSICAL DESCRIPTION
Extent 165 p. ;
500 ## - GENERAL NOTE
General note Paperback.
880 ## - ALTERNATE GRAPHIC REPRESENTATION
Linkage 100-02\r
Title سلیم اللہ زمان
880 ## - ALTERNATE GRAPHIC REPRESENTATION
Linkage 245-02\r
Title جہنم میں عورتوں کی کثرت کیوں؟ /
942 ## - ADDED ENTRY ELEMENTS (KOHA)
Source of classification or shelving scheme
Koha item type Book
Holdings
Withdrawn status Lost status Source of classification or shelving scheme Damaged status Not for loan Permanent Location Current Location Shelving location Date acquired Total Checkouts Full call number Barcode Date last seen Price effective from Koha item type
          Central Library (CL) Central Library (CL) First Floor - Islam 06/30/2019   297.34 ZAM CL-E-609 06/30/2019 06/30/2019 Book
© 2023 Central Library, National University of Sciences and Technology. All Rights Reserved.